Entrepreneurship and small business : (Record no. 7639)
[ view plain ]
| 000 -LEADER | |
|---|---|
| fixed length control field | 01713cam a22002538i 4500 |
| 020 ## - INTERNATIONAL STANDARD BOOK NUMBER | |
| ISBN | 9781137430359 (paperback) |
| 050 00 - CALL NUMBER | |
| Classification number | HD2341 |
| Item number | .B93 |
| 100 1# - AUTHOR | |
| Personal name | Burns, Paul, |
| 245 10 - TITLE | |
| Title | Entrepreneurship and small business : |
| Remainder of title | start-up, growth and maturity / |
| Statement of responsibility, etc | Paul Burns. |
| 250 ## - EDITION | |
| Edition statement | Fourth edition. |
| 260 ## - PUBLICATION INFORMATION | |
| Place of publication | New York : |
| Name of publisher | Palgrave Macmillan, |
| Year of publication | 2016. |
| 300 ## - DESCRIPTION | |
| Number of Pages | xliii, 540 pages ; |
| Other physical details | ill. |
| Dimensions | 28 cm |
| 500 ## - NOTES | |
| General note | Revised edition of the author's Entrepreneurship and small business, 2011. |
| 500 ## - NOTES | |
| General note | Includes index. |
| 505 8# - FORMATTED CONTENTS NOTE | |
| Table of Content | Machine generated contents note: -- PART I: ENTREPRENEURSHIP -- 1. Entrepreneurship: The Social and Business Revolution -- 2. The Economics of Entrepreneurship and Public Policy -- 3. The Entrepreneurial Character -- 4. Discovering a Business Idea -- 5. Researching and Evaluating the Business Idea -- PART II: START-UP -- 6. Start-up: Developing Your Business Model -- 7. Adding Values to the Business Model -- 8. Launching the Business -- 9. Legal Foundations -- 10. Operations and Risk -- 11. Financial Management -- PART III: GROWTH -- 12. Growth: Building the Foundations -- 13. Strategies for Growth -- 14. Financing the Business -- 15. From Business Model to Business Plan -- PART IV: MATURITY -- 16. Maturity: Success and Failure -- 17. Family Business -- 18. From Entrepreneur to Entrepreneurial Leader -- 19. Corporate Entrepreneurship. |
| 650 #0 - SUBJECTS | |
| Topical Term | Entrepreneurship |
| General subdivision | Study and teaching. |
| 650 #0 - SUBJECTS | |
| Topical Term | Business education. |
| 650 #0 - SUBJECTS | |
| Topical Term | Small business |
| 650 #0 - SUBJECTS | |
| Topical Term | Entrepreneurship |
| 650 #7 - SUBJECTS | |
| Topical Term | BUSINESS & ECONOMICS / Entrepreneurship. |
| 650 #7 - SUBJECTS | |
| Topical Term | BUSINESS & ECONOMICS / Management. |
| 650 #7 - SUBJECTS | |
| Topical Term | BUSINESS & ECONOMICS / Small Business. |
| 942 ## - ADDED ENTRY ELEMENTS (KOHA) | |
| Koha item type | Books |
| Withdrawn status | Lost status | Collection code | Home library | Current library | Shelving location | Date acquired | Full call number | Accession Number | Koha item type |
|---|---|---|---|---|---|---|---|---|---|
| Reference | Methodist University Library Main | Methodist University Library Main | General Stacks | HD2341 .B93 | 8317 | Books | |||
| Methodist University Library Main | Methodist University Library Main | General Stacks | HD2341 .B93 | 8316 | Books | ||||
| Reference | Methodist University Library Tema | Methodist University Library Tema | General Stacks | HD2341 .B93 | 8315 | Books |